000
00357nam a22001577a 4500
003
MPLRDC
005
20220104143139.0
008
210129b ||||| |||| 00| 0 eng d
082
_a
857.45 WH
100
_a
王华编
245
_a
宋人创作小说选
_c
260
_a
_b
新月出版社
_c
1960
300
_b
平
650
_a
942
_c
BK
_o
857.45 WH
999
_c
37084
_d
37074